Nanotechnology an introduction (Record no. 565777)

000 -LEADER
fixed length control field 00361nam a2200133Ia 4500
008 - FIXED-LENGTH DATA ELEMENTS--GENERAL INFORMATION
fixed length control field 210430s9999 xx 000 0 und d
020 ## - INTERNATIONAL STANDARD BOOK NUMBER
International Standard Book Number 9789381269008
082 ## - DEWEY DECIMAL CLASSIFICATION NUMBER
Classification number 620.5 R1651N
100 ## - MAIN ENTRY--PERSONAL NAME
Personal name Ramsden, Jeremy.
9 (RLIN) 54887
245 ## - TITLE STATEMENT
Title Nanotechnology an introduction
Statement of responsibility, etc. Ramsden, Jeremy.
260 ## - PUBLICATION, DISTRIBUTION, ETC.
Place of publication, distribution, etc. Boston.
Name of publisher, distributor, etc. Elsiver.
Date of publication, distribution, etc. 2011
300 ## - PHYSICAL DESCRIPTION
Extent 271p.
942 ## - ADDED ENTRY ELEMENTS (KOHA)
Koha item type Reference
Source of classification or shelving scheme
Holdings
Withdrawn status Lost status Source of classification or shelving scheme Damaged status Not for loan Permanent Location Current Location Shelving location Date acquired Total Checkouts Total Renewals Full call number Barcode Date last seen Date last checked out Price effective from Koha item type
          School of Chemical & Materials Engineering (SCME) School of Chemical & Materials Engineering (SCME) Reference   2 3 620.5 R1651N SCME-4726 04/08/2026 01/30/2026 04/30/2021 Book
© 2023 Central Library, National University of Sciences and Technology. All Rights Reserved.